| 000 | 00845nas a2200277 4500 | ||
|---|---|---|---|
| 001 | BR2012005463 | ||
| 003 | BR-BrBNA | ||
| 005 | 20231205120904.0 | ||
| 007 | ta | ||
| 008 | 230509b bl.|||p| |||| 00| 00por d | ||
| 040 |
_aBR-BrBNA _bpor _cBiblioteca Nacional de Agricultura |
||
| 041 | _a(Pt) | ||
| 072 | _aL72 | ||
| 100 | 1 | _aMascarenhas, C.S. | |
| 100 | 1 | _abrum, J.G.W. | |
| 100 | 1 | _aCoimbra, M.A.A. | |
| 100 | 1 | _aSinkoc, A. | |
| 245 | 1 | _aNovos hospedeiros para o ácaro nasal Rhinonyssus rhinolethrum (Trouessart)(Gamasida: Rhinonyssidae)no Brasil | |
| 650 | _aCISNE | ||
| 650 | _aMARRECO | ||
| 650 | _aÁCARO | ||
| 650 | _aPRAGA DE ANIMAL | ||
| 773 | 0 |
_tNeotropical Entomology (Brazil) _xISSN 1519-566X _g(Sep-Oct 2009), v. 38(5) p. 695-696 _wBR2012005463 |
|
| 909 |
_a202311 _bLúcia _c55 _dLúcia Elande |
||
| 942 |
_2AGRIS _n0 _cANA |
||
| 999 |
_c220818 _d220818 |
||